Hatari (Record no. 177545)

MARC details
000 -LEADER
fixed length control field 01789ngm a2200409 a 4500
001 - CONTROL NUMBER
control field vtls003053415
003 - CONTROL NUMBER IDENTIFIER
control field MY-SjTCS
005 - DATE AND TIME OF LATEST TRANSACTION
control field 20200226121142.0
007 - PHYSICAL DESCRIPTION FIXED FIELD--GENERAL INFORMATION
fixed length control field vd cvairu
008 - FIXED-LENGTH DATA ELEMENTS--GENERAL INFORMATION
fixed length control field 070611q200? cc 158 v|eng d
039 #9 - LEVEL OF BIBLIOGRAPHIC CONTROL AND CODING DETAIL [OBSOLETE]
Level of rules in bibliographic description 201904091328
Level of effort used to assign nonsubject heading access points shuhada
Level of effort used to assign subject headings 201507251132
Level of effort used to assign classification shuhada
Level of effort used to assign subject headings 201507251131
Level of effort used to assign classification shuhada
Level of effort used to assign subject headings 200707261459
Level of effort used to assign classification rosnani
-- 200706111447
-- radtha
082 04 - DEWEY DECIMAL CLASSIFICATION NUMBER
Classification number 791.4372
Item number HAT
245 00 - TITLE STATEMENT
Title Hatari
Medium [videorecording] /
Statement of responsibility, etc. Paramount Pictures and Malabar Productions, Inc.
260 ## - PUBLICATION, DISTRIBUTION, ETC.
Place of publication, distribution, etc. Taipei City, Taiwan :
Name of publisher, distributor, etc. Evervision Corp.,
Date of publication, distribution, etc. [200?]
300 ## - PHYSICAL DESCRIPTION
Extent 1 videodisc (ca. 158 min.) :
Other physical details sd., col. ;
Dimensions 4 3/4 in.
490 0# - SERIES STATEMENT
Series statement Oscar best movie collection
500 ## - GENERAL NOTE
General note From a story by Harry Kurnitz.
500 ## - GENERAL NOTE
General note Videodisc release of the 1961 motion picture.
500 ## - GENERAL NOTE
General note Both sides of the disc are readable.
508 ## - CREATION/PRODUCTION CREDITS NOTE
Creation/production credits note Director, Howard Hawks ; producer, Howard Hawks ; screenplay, Leigh Brackett ; music, Henry Mancini.
511 1# - PARTICIPANT OR PERFORMER NOTE
Participant or performer note John Wayne, Hardy Kruger, Elsa Mantinelli, Red Buttons, Gerard Blain.
520 ## - SUMMARY, ETC.
Summary, etc. John Wayne heads a group of highly skilled professional game hunters in Africa who capture the ferocious big game with strong rope and cameras for zoos and circus attractions.
538 ## - SYSTEM DETAILS NOTE
System details note DVD.
650 #0 - SUBJECT ADDED ENTRY--TOPICAL TERM
Topical term or geographic name entry element Closed-captioning.
9 (RLIN) 24994
650 #0 - SUBJECT ADDED ENTRY--TOPICAL TERM
Topical term or geographic name entry element Video recordings for the hearing impaired.
9 (RLIN) 15325
650 #0 - SUBJECT ADDED ENTRY--TOPICAL TERM
Topical term or geographic name entry element Feature films.
9 (RLIN) 28544
651 #0 - SUBJECT ADDED ENTRY--GEOGRAPHIC NAME
Geographic name Africa
Form subdivision Drama.
700 1# - ADDED ENTRY--PERSONAL NAME
Personal name Wayne, John,
Dates associated with a name 1907-1979.
9 (RLIN) 24251
700 1# - ADDED ENTRY--PERSONAL NAME
Personal name Hawks, Howard,
Dates associated with a name 1896-1977.
9 (RLIN) 24995
700 1# - ADDED ENTRY--PERSONAL NAME
Personal name Buttons, Red,
Dates associated with a name 1919-2006.
9 (RLIN) 97179
700 1# - ADDED ENTRY--PERSONAL NAME
Personal name Krüger, Hardy,
Dates associated with a name 1928-
9 (RLIN) 97180
700 1# - ADDED ENTRY--PERSONAL NAME
Personal name Mantinelli, Elsa.
9 (RLIN) 97181
700 1# - ADDED ENTRY--PERSONAL NAME
Personal name Blain, Gerard.
9 (RLIN) 97182
710 2# - ADDED ENTRY--CORPORATE NAME
Corporate name or jurisdiction name as entry element Paramount Pictures.
9 (RLIN) 17221
710 2# - ADDED ENTRY--CORPORATE NAME
Corporate name or jurisdiction name as entry element Malabar Productions, Inc.
9 (RLIN) 97183
920 ## - Programme
Programme LAC : LCDVDV035
Holdings
Withdrawn status Lost status Source of classification or shelving scheme Damaged status Not for loan Home library Current library Date acquired Cost, normal purchase price Total Checkouts Barcode Date last seen Date last checked out Copy number Cost, replacement price Koha item type Public note
    Dewey Decimal Classification     Taylor's Library-TU Taylor's Library-TU 11/06/2007 8.90   1000136944 12/12/2019 20/04/2010 1 8.90 Media Resources SLASx,21003,01,GR